Musical Instruments (there's a lot) - Statistics

General Stats
  • This quiz has been taken 51 times
    32 since last reset
  • The average score is 30 of 60
Answer Stats
Hint Answer % Correct
Keyboard type Piano
97%
Stringed/Orchestral Violin
97%
Stringed/Orchestral Cello
93%
Stringed Bass Guitar
90%
Stringed/Orchestral Double Bass
90%
Stringed Guitar
90%
Woodwind Flute
86%
Stringed Harp
86%
Stringed/Orchestral Viola
86%
Woodwind Saxophone
83%
Brass Trumpet
83%
Woodwind Clarinet
79%
Brass Trombone
79%
Woodwind Oboe
76%
Brass Tuba
76%
Brass French Horn
72%
Keyboard type Organ
72%
Percussion/Orchestral Snare
69%
Percussion/Orchestral Cymbals
66%
Percussion/Marching Bass drum (aka kick)
62%
Woodwind Bassoon
62%
Percussion Drum kit
62%
Keyboard type Harpsichord
62%
Keyboard/Electronic Synthesizer
59%
Stringed Banjo
55%
Percussion Maraca
52%
Percussion/Orchestral Triangle
52%
Percussion/Orchestral xylophone
52%
Percussion/Orchestral Timpani
48%
Percussion/World Bongo
45%
Percussion/Orchestral Gong
45%
Percussion/Orchestral Marimba
45%
Woodwind/Zelda Ocarina
45%
Stringed/World Sitar
45%
Keyboard type Accordion
41%
Woodwind Piccolo
41%
Woodwind Harmonica
38%
Woodwind/World Pan flute
38%
Percussion Tambourine
34%
Woodwind Bagpipes
31%
Woodwind/World Didgeridoo
31%
Stringed Lute
31%
Brass English Horn
28%
Stringed Mandolin
28%
Brass Baritone
24%
Percussion/Orchestral chimes
24%
Percussion/World Steel Pan
24%
Stringed Fiddle
24%
Percussion/Orchestral Glockenspiel
24%
Percussion/World Steel Pan
24%
Electronic/??? Theremin
24%
Percussion/World Conga
21%
Percussion/World Djembe
17%
Percussion Cajon
14%
Brass Flugel horn
14%
Percussion/World Kalimba
14%
Percussion/Marching Quads (Tenor Drums)
14%
Percussion Shaker
14%
Percussion/World Castanets
10%
Percussion/World Tabla
3%
No matching quizzes found
Score Distribution
Percent of People with Each Score
Percentile by Number Answered
Your Score History
You have not taken this quiz since the last reset